00221nam a2200097Ia 4500008004100000041000800041082001600049100001800065245003100083260000900114240625s9999 xx 000 0 und d aeng a346.082 BAR aBARTH JAMES R aRETHINKING BANK REGULATION c2007